000 00357nam a2200133Ia 4500
008 150202s9999 xx 000 0 und d
020 _a821735047
050 _aFIC
_bFIC
100 _aBarbieri, Elaine.
245 _aTattered silk /
_cElaine Barbieri.
260 _aNew York :
_bZebra Books,
_c1991.
300 _a542 pages :
_c18 cm.
650 _aFiction.
999 _c281853
_d281853